| 000 | 00522nam a2200193Ia 4500 | ||
|---|---|---|---|
| 005 | 20240913130043.0 | ||
| 008 | 240913s9999||||xx |||||||||||||| ||und|| | ||
| 041 | _aENGLISH | ||
| 082 | _A401.93 Q7 | ||
| 100 | _aPence Turnbull,Khara L | ||
| 245 | 0 | _aLanguage Development from Theory to Practice | |
| 250 | _a1st | ||
| 260 |
_c2017 _bPearson Educ |
||
| 500 | _aREFERENCE | ||
| 650 |
_aAudiology Speech and Language Pathology _bAllied Health Science |
||
| 700 | _a Justice,Laura M | ||
| 942 | _cREF | ||
| 999 |
_c246861 _d246861 |
||